Five Closest Countries to 100 Million People by Continent - Statistics

General Stats
  • This quiz has been taken 552 times
    75 since last reset
  • The average score is 26 of 30
Answer Stats
Population Country % Correct
europe 69.2 m France
97%
europe 70.1 m United Kingdom
97%
europe 83.3 m Germany
96%
south america 34.5 m Peru
96%
europe 47.9 m Spain
96%
south america 19.8 m Chile
94%
south america 53.4 m Colombia
94%
europe 59.1 m Italy
94%
south america 45.8 m Argentina
93%
south america 28.5 m Venezuela
93%
north america 40.1 m Canada
91%
north america 11.5 m Dominican Republic
91%
oceania 26.9 m Australia
90%
north america 11.9 m Haiti
90%
asia 92.4 m Iran
90%
oceania 5.2 m New Zealand
90%
north america 10.9 m Cuba
88%
africa 64.7 m South Africa
88%
asia 71.6 m Thailand
88%
oceania 0.9 m Fiji
87%
north america 18.6 m Guatemala
87%
oceania 10.7 m Papua New Guinea
82%
asia 87.6 m Turkey
81%
asia 47 m Iraq
79%
africa 57.5 m Kenya
79%
africa 70.5 m Tanzania
76%
africa 51.6 m Sudan
74%
oceania 0.7 m Solomon Islands
72%
asia 54.8 m Myanmar
69%
africa 51.3 m Uganda
69%
No matching quizzes found
Score Distribution
Percent of People with Each Score
Percentile by Number Answered
Your Score History
You have not taken this quiz since the last reset